Novak Djokovic - Route to the 2011 Wimbledon Trophy - Statistics

General Stats
  • This quiz has been taken 19 times
  • The average score is 4 of 7
Answer Stats
Round Result Country Opponent % Correct
F 3:1 (6:4,6:1,1:6,6:3) Spain Rafael Nadal
100%
SF 3:1 (7:6,6:2,6:7,6:3) France Jo-Wilfried Tsonga
88%
R64 3:0 (6:3,6:4,6:2) South Africa Kevin Anderson
88%
R32 3:1 (6:4,4:6,6:3,6:4) Cyprus Marcos Baghdatis
76%
QF 3:1 (6:2,3:6,6:3,7:5) Australia Bernard Tomić
41%
R16 3:0 (6:3,6:3,6:3) France Michael Llodra
29%
R128 3:0 (6:4,6:1,6:1) France Jeremy Chardy
18%
No matching quizzes found
Score Distribution
Percent of People with Each Score
Percentile by Number Answered
Your Score History
You have not taken this quiz